Mathematical Results in Quantum Mechanics : A Conference on QMATH-8, Mathematical Results in Quantum Mechanics, Universidad Nacional Autónoma de México, Taxco, México, December 10-14, 2001 /
Spremljeno u:
| Autor kompanije: | |
|---|---|
| Daljnji autori: | , , |
| Format: | Izvještaj sastanka Knjiga |
| Jezik: | engleski |
| Izdano: |
Providence, EUA :
American Mathematical Society,
2002, c2002
|
| Serija: | (Contemporary Mathematics ;
307) |
| Teme: | |
| Oznake: |
Bez oznaka, Budi prvi tko označuje ovaj zapis!
|
MARC
| LEADER | 00000nam^a2200000^a^4500 | ||
|---|---|---|---|
| 001 | 000154118 | ||
| 005 | 20250521000000.0 | ||
| 009 | 20260310100343.805 | ||
| 020 | |a 0-8218-2900-9 | ||
| 037 | |a Acervo ITESO - Biblioteca | ||
| 041 | |a ING | ||
| 082 | |a 530. 12 |b CON 2001 | ||
| 111 | |a Conference on QMATH ( |n 8o : |d 2001 : |c Taxco, México) | ||
| 245 | 1 | 0 | |a Mathematical Results in Quantum Mechanics : |b A Conference on QMATH-8, Mathematical Results in Quantum Mechanics, Universidad Nacional Autónoma de México, Taxco, México, December 10-14, 2001 / |c Ed. de R. Weder, P. Exner, B. Grébert. |
| 264 | 4 | |a Providence, EUA : |b American Mathematical Society, |c 2002, c2002 | |
| 300 | |a X, 350 p. | ||
| 336 | |a texto |b txt |2 rdacontenido | ||
| 337 | |a sin mediación |b n |2 rdamedio | ||
| 338 | |a volumen |b nc |2 rdasoporte | ||
| 440 | 1 | |a (Contemporary Mathematics ; |v 307) | |
| 649 | |a XX | ||
| 650 | |a Mecánica Cuántica - |x Congresos | ||
| 650 | |a Física Matemática - |x Congresos | ||
| 650 | |a Ondas | ||
| 650 | |a Difusión (Materia) - |x Teoria | ||
| 650 | |a Campos Magnéticos | ||
| 650 | |a Ecuación de Schrödinger | ||
| 650 | |a Teoría Cuántica de los Campos | ||
| 650 | |a Perturbación (Mecánica Cuántica) | ||
| 650 | |a Ecuaciones Diferenciales Parciales | ||
| 650 | |a Sistemas No Lineales | ||
| 650 | |a Mecánica Ondulatoria | ||
| 650 | |a Matemáticas - |x Congresos | ||
| 650 | |a Física Nuclear | ||
| 650 | |a Física - |x Teoría | ||
| 700 | |a Weder, Ricardo |e (edición) | ||
| 700 | |a Exner, Pavel |e (edición) | ||
| 700 | |a Grébert, Benoit |e (edición) | ||
| 910 | |a Fondo General | ||
| 920 | |a Impresos - Libros | ||
| 930 | |a Colección General | ||
| 905 | |a 101 | ||
| 901 | |a 0500085774 |b IT1 |c ACC |u 20250521 | ||
| 902 | |a https://opac.biblio.iteso.mx/vufind/Record/000154118 | ||